| 000 | 00808nam a2200229Ii 4500 | ||
|---|---|---|---|
| 003 | JO-AjNU | ||
| 008 | 230605s9999||||xx |||||||||||||| ||und|| | ||
| 017 | _a2004/9/2199 | ||
| 020 | _a9957-15-036-7 | ||
| 040 |
_aJO-AjNU _bara _erda _cJO-AjNU |
||
| 041 | _aara | ||
| 050 | 1 | 4 | _aJQ1825.J6.H6438.2004 |
| 100 | 3 |
_aالحوراني ، هاني وآخرون , _eauthor _921390 |
|
| 245 | 0 | 0 | _aدراسات حالة حول أداء منظمات المجتمع المدني في الأردن |
| 250 | _a(د،ط) | ||
| 264 | 3 | 1 | _aعمان : دار سندباد ، 2004 |
| 300 | _a187ص | ||
| 336 |
_atext _btxt _2rdacontent |
||
| 337 |
_aunmediated _bn _2rdamedia |
||
| 338 |
_avolume _bnc _2rdacarrier |
||
| 650 | 4 |
_aالمجتمع المدني -- التنمية الاجتماعية -- الأردن _921391 |
|
| 999 |
_aA7421 _c10989 _d10989 |
||